000 00338 a2200133 4500
003 Nust
005 20170207154749.0
040 _cNust
082 _a799
245 _aMisc Pics Old Events Misc Photographs
260 _aRawalpindi
_bMCS
650 _aPictures of Misc Pics Old Events Misc Photographs (Soft Copy) CD-21
651 _aSweet Memories-MCS
942 _cBK
999 _c199793
_d199793